Statistics for Rather Be Clean Bandit Lyrics

Click here to take the quiz!

General Stats

  • This quiz has been taken 339 times
  • The average score is 118 of 156

Answer Stats

HintAnswer% Correct
I
98%
a
97%
the
97%
The
97%
be
96%
rather
96%
no
95%
x3:No,
95%
no,
95%
you,
95%
you
95%
place
93%
me
91%
me,
91%
with
91%
Pre-Chorus:With
91%
I'd
90%
there's
90%
but
88%
But
88%
in
87%
it
87%
take,
86%
take
86%
Chorus:If
84%
am
83%
gave
83%
It's
83%
would
83%
chance
82%
to
82%
Verse 2:We
82%
we
82%
and
79%
dark
79%
Make
78%
make
78%
are
77%
heart,
77%
heart
77%
As
76%
as
76%
sea
76%
shot
76%
from
75%
I'll
75%
thousand
75%
We're
75%
we're
75%
long
74%
miles
74%
When
74%
every
73%
my
71%
step
71%
comfort,
69%
have
66%
land
66%
so
65%
your
62%
Switch
61%
forever,
60%
traveled
60%
can't
59%
same,
59%
different
58%
Verse 1:Oh
57%
up
57%
beat
56%
casually
56%
of
56%
continues
55%
Bay
54%
wait
54%
batteries
53%
Kyoto
53%
another
52%
Strolling
52%
all
51%
Know
50%
name
50%
together,
50%
on
46%
easy
44%
being
43%
out
42%
everlasting
41%
find
41%
incomplete
40%
mission
40%
peace
40%
simplicity
40%
inner
39%
nothing's
39%
our
37%
sacred
35%
shake
32%
exalted
29%
scene
29%
get
21%
staked
21%

Score Distribution

Percentile by Number Answered

Percent of People with Each Score

Your Score History

You have not taken this quiz